Die interpretatio zu den Paulussentenzen
Guardat en:
| Autors principals: | , |
|---|---|
| Format: | Llibre |
| Idioma: | llatí |
| Publicat: |
Colonia
Böhlau Verlag
1956
|
| Matèries: | |
| Etiquetes: |
Afegir etiqueta
Sense etiquetes, Sigues el primer a etiquetar aquest registre!
|
MARC
| LEADER | 00000nam a2200000 a 4500 | ||
|---|---|---|---|
| 001 | UCR2638 | ||
| 003 | CL-VaPUC | ||
| 008 | 980112e19560000GW |||||||||||||||||lat|d | ||
| 082 | 0 | 4 | |a 340.5403 |b KAS |2 21 |
| 100 | |a Kaser, Max |e author |9 402493 | ||
| 700 | 0 | |a Schwarz, Fritz |e author |9 400803 | |
| 245 | 1 | 4 | |a Die interpretatio zu den Paulussentenzen |
| 300 | |a 62 p | ||
| 942 | |c BK | ||
| 945 | |d 19980112 00:00:00 |a aolguin | ||
| 260 | |a Colonia |b Böhlau Verlag |c 1956 | ||
| 650 | 0 | |a Derecho romano |9 255930 | |
| 650 | 0 | |a Fuentes del derecho |9 255162 | |
| 650 | 7 | |a TEXTOS JURIDICOS |2 CL-VaPUC |9 400804 | |
| 583 | |a last modification |c 19980112 00:00:00 |k Rodrigo Vera | ||
| 999 | |c 265771 |d 265769 | ||
| 952 | |0 0 |1 0 |4 0 |6 340_540300000000000_KAS_1956 |7 0 |8 DER_ROM |9 296859 |a BIBDER |b BIBDER |d 2019-11-20 |i 1931598 |o 340.5403 KAS 1956 |p 1931598 |r 2023-01-25 |w 2019-11-20 |x Ubicación 4to piso |y BK_X |z Este recurso debe solicitarse con anticipación |k DER | ||